The pentecostal reality. (Record no. 14165)

000 -LEADER
fixed length control field 00576nam a2200193 a 4500
001 - CONTROL NUMBER
control field :::00011989$&:&@@
003 - CONTROL NUMBER IDENTIFIER
control field OkBaRHE
005 - DATE AND TIME OF LATEST TRANSACTION
control field 20000607103414.0
008 - FIXED-LENGTH DATA ELEMENTS--GENERAL INFORMATION
fixed length control field s1972 j 000 0 eng u
020 ## - INTERNATIONAL STANDARD BOOK NUMBER
International Standard Book Number 0882700162
040 ## - CATALOGING SOURCE
Transcribing agency
100 1# - MAIN ENTRY--PERSONAL NAME
Personal name Williams, John Rodman
245 14 - TITLE STATEMENT
Title The pentecostal reality.
260 ## - PUBLICATION, DISTRIBUTION, ETC. (IMPRINT)
Place of publication, distribution, etc Plainfield, NJ., :
Name of publisher, distributor, etc Logos International
Date of publication, distribution, etc c1972
300 ## - PHYSICAL DESCRIPTION
Extent 109 p. ;
Dimensions : illus. ; 21 cm.
650 ## - SUBJECT ADDED ENTRY--TOPICAL TERM
Topical term or geographic name as entry element Pentecostalism
942 ## - ADDED ENTRY ELEMENTS (KOHA)
Source of classification or shelving scheme
Koha item type Books
Copies
Full call number Shelving location Barcode Source of classification or shelving scheme Date acquired Koha item type Permanent Location Price effective from Withdrawn status Lost status Date last seen Damaged status Not for loan Copy number
BX 8763 .W5General Stacks11989 2010-04-14BooksRHEMA Bible Training College2010-04-14  2010-04-14  1